| 000 | 00516 a2200181 4500 | ||
|---|---|---|---|
| 005 | 20240501144231.0 | ||
| 010 | _aENG-140241 | ||
| 020 |
_a9789196129163 _c400.00 |
||
| 035 | _aEN-123773 | ||
| 037 | _bDBAD | ||
| 082 | 1 | 4 | _a881 |
| 100 | 1 |
_aWinter, Joe _965354 |
|
| 245 | 1 |
_aSinging in Marinpal/ _cBy Joe Winter |
|
| 260 |
_aKolkata _bWriters Workshop _c2023 |
||
| 270 |
_a162/42, Lake Gardens, _bCalcutta - 700 045 _cWest Bengal |
||
| 300 |
_a84p. _c22cm(Hb) |
||
| 942 |
_adpl _cEN _2ddc _h881 _mWIN |
||
| 999 |
_c202473 _d202473 |
||